Statistiken für Sabaton Lyrics

Klicken Sie hier um das Quiz zu spielen!

Allgemein

  • Dieses Quiz wurde 36 mal gespielt
  • Das Durchschnittsergebnis liegt bei 11 aus 20

Antwortstatistiken

HinweisAntwort% Korrekt
"On the sixth of June"Primo Victoria
96%
"Pride of a nation, a beast made of steel"Bismarck
87%
"They are the panzer elite, born to compete, never retreat"Ghost Division
87%
"Where is this greatness I've been told? This is the lies that we've been sold. Is this a worthy sacrifice?Great War
74%
"A moment of peace in a war that never ends"Christmas Truce
70%
"Encircled by a vulture the end of ancient culture"Shiroyama
70%
"Coming down the mountainside"Winged Hussars
70%
"On the fields of Breitenfeld"Gott mit uns
61%
"Forged in Valhalla by the hammer of Thor out from Asgard, our viking ship sails"Swedish Pagans
61%
"It's an army on the march long way from home paying the price in young men's lives"The Price of a Mile
61%
"We stand at the gates of Berlin with two and a half million men"Attero Dominatus
57%
"What Sergeant York achieved that day would echo to the U.S.A"82nd All the Way
52%
"A million shells were fired and the green fields turned to grey"Fields of Verdun
52%
"Castle St. Angelo is waiting"The Last Stand
52%
"Fighter pilots from Poland in the battle of Britain guarding the skies of the isle"Aces in Exile
48%
"Riding on this crazy train I'm going paranoid"Metal Machine
39%
"Take some Venom and Accept that you won't see Nazareth"Metal Crüe
22%
"Their city has been besieged, all hell on Prague unleashed as the cannons crush the walls, the city shakes"1648
9%
"Now your soul returns to paradise7734
9%
"You're in for surprise, you're in for a shock in London town streets when there's darkness and fog"Metal Ripper
9%

Verteilung der Resultate

Perzentil nach korrekt beantworteten Fragen

Anzahl Personen mit jedem Resultat

Ihre Resultats-Entwicklung

Sie haben dieses Quiz noch nicht gespielt